000 01106naa a22002897a 4500
001 BR8302987
003 BR-BrBNA
005 20240918175301.0
007 ta
008 230509b bl.||||| |||| 00| 0 por d
040 _aBR-BrBNA
_bpor
_cBiblioteca Nacional de Agricultura
041 _a(Pt)
072 _aQ10
_b9000
090 _aQ10 BR8302987
100 1 _aNeves Filho, L. de C.
245 1 _aUmidade e perda de peso [preservacao de alimento]
260 3 _aSao Paulo, SP (Brasil):
_c1983.
500 _aNeves Filho, L. de C. (ed.) Armazenamento de generos e produtos alimenticios Sao Paulo, SP (Brasil): 1983. p. 273-287 (BR8302987-AM)Q10
650 _aALIMENTO
650 _aESTOCAGEM
650 _aTEMPERATURA
650 _aUMIDADE RELATIVA
650 _aPERDA DE PESO
773 0 _tArmazenamento de generos e produtos alimenticios
_aNeves Filho, L. de C. (ed.). Secretaria da Industria, Comercio, Ciencia e Tecnologia do Estado de Sao Paulo, Sao Paulo (Brasil)
_wQ10 BR8302987
_gSao Paulo, SP (Brasil), 1983. p. 273-287
909 _a202404
_bLucia
_c55
_dLucia Elande
942 _cAM
_2AGRIS
999 _c316016
_d316016